LEADER 00975nam a2200253 i 4500 001 000000152363 003 CaOOAMICUS 005 20211111115012.0 008 060804s1979 it u000 u ita u 013 $a129704 040 $aSeMil$bita 100 1 $aBigongiari, Piero,$d<1914- >.$0(OLS)http://semarc/name/8194 245 10$aMoses :$bframmenti del poema : 1971-1977 /$cPiero Bigongiari. 260 $aMilano :$bArnoldo Mondadori Editore,$c1979. 300 $a242 p. ;$c20 cm. 500 $aFondo Ciprandi. 830 3$aLo specchio. I poeti del nostro tempo.$0(OLS)http://semarc/title/437868 850 $aSeMil 852 $aSeMil$W1$xVenegono$y1$m1D III 153$j104322$B104322$CSeMilBibl$Z2$F113380 $81 941 1 $a1 961 $aOmaggio: Ciprandi dott. Paolo 996 $6245$aMoses :$bframmenti del poema : 1971-1977$9(OLS)http://semarc/title/222773 996 $6260$aMilano :$bArnoldo Mondadori Editore$9(OLS)http://semarc/publisher/30056 LEADER 00733nam a2200169 i 4500 001 000000029218 003 CaOOAMICUS 005 20180830125448.0 008 180830s1988 it u000 u ita u 040 $aSeMil$bita 100 1 $aDel Corona, Pio Alberto,$c.$0(OLS)http://semarc/name/13337 245 13$aIl mistero dell'eucaristia :$bDio con noi /$cPio Alberto Del Corona ; elevazioni spirituali rielaborate dal Raimondo Sorgia. 260 $aSiena :$bCantagalli,$c1988. 300 $av. ;$c21 cm. 700 1 $aSorgia, Raimondo .$0(OLS)http://semarc/name/90199 996 $6245$aIl mistero dell'eucaristia :$bDio con noi$9(OLS)http://semarc/title/39683 996 $6260$aSiena :$bCantagalli$9(OLS)http://semarc/publisher/29767